000 00814nam a22002297a 4500
999 _c3880
_d3880
005 20241115140313.0
008 241115b ||||| |||| 00| 0 eng d
020 _a9781447262930
040 _cKH8
082 _aFIC BLU
100 _aBlume, Judy
_eAuthor
245 _aOtherwise known as Sheila the Great
_cJudy Blume
260 _a London,
_b Macmillan Children's Books,
_c 2014
300 _a 195 pages :
_billustrations ;
_c20 cm
440 _aFudge
_nbk. 2
500 _a Originally published: New York: Dutton, 1972
520 _aA summer in Tarrytown, N.Y., is a lot of fun for 10-year-old Sheila even though her friends make her face up to some self-truths she doesn't want to admit
650 _aChildren's fiction
650 _aChildren's stories
650 _aFriendship
942 _2ddc
_cFIC